José Hernández

محفوظ في:
التفاصيل البيبلوغرافية
المؤلف الرئيسي: Gálvez, Manuel
التنسيق: كتاب
اللغة:Undetermined
منشور في: Buenos Aires, Argentina La Universidad 1945
الموضوعات:
الوسوم: إضافة وسم
لا توجد وسوم, كن أول من يضع وسما على هذه التسجيلة!

MARC

LEADER 00000nam a2200000Ia 4500
008 170316s9999 xx 000 0 und d
040 |a cru BVZT 
090 |a 860 G-6j 
100 |a Gálvez, Manuel 
245 |a José Hernández 
260 |a Buenos Aires, Argentina 
260 |b La Universidad 
260 |c 1945 
300 |a 157 páginas 
650 |a LITERATURA LATINOAMERICANA 
999 |c 8798  |d 8798 
942 |c 15 D  |h 860 G-6j  |2 z